[Event "36th Rilton Cup"]
[Site "Stockholm SWE"]
[Date "2007.01.04"]
[Round "8.19"]
[White "Engman, Rickard"]
[Black "Aguettaz, Maxime"]
[Result "1/2-1/2"]
[WhiteElo "2199"]
[BlackElo "2300"]
[EventDate "2006.12.27"]
[PlyCount "102"]

1.d4 Nf6 2.c4 e6 3.Nf3 b6 4.g3 Ba6 5.Nbd2 d5 6.cxd5 exd5 7.Bg2 Bd6 8.O-O 
O-O 9.Re1 Re8 10.e4 dxe4 11.Ng5 Nbd7 12.Ndxe4 h6 13.Nxd6 Rxe1+ 14.Qxe1 
cxd6 15.Ne4 Nxe4 16.Bxe4 Rb8 17.Bf4 Nf6 18.Bc6 g5 19.Bd2 Bb7 20.d5 Bxc6 
21.dxc6 Rc8 22.Qe3 Rxc6 23.Qd4 d5 24.Bc3 Re6 25.f4 Qe7 26.fxg5 hxg5 27.Rf1
Kg7 28.Qxd5 Kf8 29.Qxg5 Ne4 30.Qg7+ Ke8 31.Qg8+ Qf8 32.Qxf8+ Kxf8 33.Re1 
f5 34.Re3 Kf7 35.Kf1 Rd6 36.Ke2 Rh6 37.h4 Rg6 38.Be5 Rc6 39.Ra3 Rc2+ 40.
Kd3 Rd2+ 41.Ke3 Ke6 42.Bf4 Rxb2 43.Rxa7 Nc3 44.h5 Rxa2 45.Rxa2 Nxa2 46.Kd4
Nb4 47.h6 Nc6+ 48.Kc4 Kf6 49.Kb5 Nd4+ 50.Kxb6 Ne2 51.Kc5 Kg6 1/2-1/2

[Event "36th Rilton Cup"]
[Site "Stockholm SWE"]
[Date "2007.01.04"]
[Round "8.20"]
[White "Couso, Luis"]
[Black "Persson, Andreas"]
[Result "1/2-1/2"]
[WhiteElo "2354"]
[BlackElo "2072"]
[EventDate "2006.12.27"]
[PlyCount "42"]

1.e4 d6 2.d4 Nf6 3.Nc3 g6 4.Nf3 Bg7 5.h3 O-O 6.Be2 c6 7.a4 Qc7 8.Bg5 Nbd7 
9.Qd2 e5 10.dxe5 dxe5 11.Qe3 Re8 12.Bh6 Qb6 13.Qxb6 Nxb6 14.Bxg7 Kxg7 15.
a5 Nbd7 16.O-O Nc5 17.Nd2 Ne6 18.Rfe1 Nd4 19.Bd1 Be6 20.Na4 Rad8 21.Nf1 
Re7 1/2-1/2

[Event "36th Rilton Cup"]
[Site "Stockholm SWE"]
[Date "2007.01.04"]
[Round "8.21"]
[White "Mardell, Jimmy"]
[Black "Semcesen, Daniel"]
[Result "1/2-1/2"]
[WhiteElo "2101"]
[BlackElo "2369"]
[EventDate "2006.12.27"]
[PlyCount "91"]

1.e4 e5 2.Nf3 Nf6 3.d4 Nxe4 4.Bd3 Nc6 5.d5 Nc5 6.dxc6 e4 7.Bc4 exf3 8.
cxd7+ Bxd7 9.Qxf3 Qe7+ 10.Be3 O-O-O 11.Nc3 Bc6 12.Bd5 Bxd5 13.Nxd5 Qe4 14.
Qxe4 Nxe4 15.O-O-O c6 16.Nf4 Bc5 17.Bxc5 Nxc5 18.Rhe1 Rde8 19.f3 Nd7 20.
Nh5 Rxe1 21.Rxe1 g6 22.Nf4 Nf6 23.Re7 Rf8 24.c4 Nd7 25.Kc2 Kc7 26.Re3 Kd6 
27.b4 b6 28.Nh3 h6 29.Nf2 f5 30.Nd3 g5 31.g3 a5 32.a3 axb4 33.axb4 Ra8 34.
Kb2 c5 35.bxc5+ bxc5 36.Re1 g4 37.fxg4 fxg4 38.Re4 h5 39.Nf4 Ne5 40.Nxh5 
Rh8 41.Nf6 Rxh2+ 42.Kb1 Rh1+ 43.Kc2 Rh2+ 44.Kb1 Rh1+ 45.Kc2 Rh2+ 46.Kb1 
1/2-1/2

[Event "36th Rilton Cup"]
[Site "Stockholm SWE"]
[Date "2007.01.04"]
[Round "8.22"]
[White "Kosmo, Santul"]
[Black "Hansen, Martin"]
[Result "1-0"]
[WhiteElo "2280"]
[BlackElo "2106"]
[EventDate "2006.12.27"]
[PlyCount "105"]

1.e4 e6 2.d4 d5 3.e5 c5 4.c3 Nc6 5.Nf3 Bd7 6.Be2 Nge7 7.Na3 cxd4 8.cxd4 
Nf5 9.Nc2 Rc8 10.O-O Qb6 11.Rb1 Na5 12.Ne3 Nxe3 13.Bxe3 Bb5 14.b3 Bxe2 15.
Qxe2 Be7 16.h4 Nc6 17.h5 Nb4 18.h6 g6 19.Rbc1 O-O 20.Qd2 f6 21.exf6 Bxf6 
22.Bg5 Rxc1 23.Rxc1 Nc6 24.Bxf6 Rxf6 25.Qe3 Qb4 26.Ne5 Qxd4 27.Nxc6 Qxe3 
28.Ne7+ Kf8 29.fxe3 Kxe7 30.Rc7+ Kd6 31.Rxb7 g5 32.Rxh7 a5 33.Kh2 Ke5 34.
Kg3 Kf5 35.a4 Kg6 36.Ra7 Kxh6 37.Rxa5 Kg6 38.b4 Kf5 39.Rc5 Ke4 40.b5 e5 
41.a5 Rf1 42.b6 Rb1 43.Rc6 d4 44.exd4 Kd5 45.Rg6 e4 46.a6 e3 47.a7 Ra1 48.
Kf3 Kxd4 49.Rd6+ Kc5 50.b7 g4+ 51.Kxe3 g3 52.b8=Q Ra3+ 53.Rd3 1-0

[Event "36th Rilton Cup"]
[Site "Stockholm SWE"]
[Date "2007.01.04"]
[Round "8.23"]
[White "Johansson, Thomas"]
[Black "Byklum, Bjornar"]
[Result "0-1"]
[WhiteElo "2211"]
[BlackElo "2275"]
[EventDate "2006.12.27"]
[PlyCount "140"]

1.e4 c5 2.Nf3 e6 3.d4 cxd4 4.Nxd4 Nf6 5.Nc3 d6 6.g3 Nc6 7.Bg2 Bd7 8.Ndb5 
Qb8 9.Be3 Be7 10.a4 O-O 11.f4 Rd8 12.O-O Be8 13.Kh1 d5 14.exd5 exd5 15.
Nxd5 Nxd5 16.Bxd5 Nb4 17.c4 Nxd5 18.cxd5 Rxd5 19.Qb3 Bc6 20.Kg1 Bf6 21.
Rfd1 Rxd1+ 22.Rxd1 Qe8 23.Nd6 Qe7 24.Kf2 Rd8 25.Bc5 b6 26.Bb4 Qd7 27.Ra1 
a5 28.Ba3 Bd4+ 29.Kf1 Bxa4 30.Qd5 Qh3+ 31.Ke1 Qe6+ 32.Qxe6 fxe6 33.Ne4 Bc6
34.Nf2 b5 35.Rc1 Bd5 36.b4 a4 37.Nd3 Bc4 38.Nc5 Bd5 39.Rd1 Bc3+ 40.Kf2 Kf7
41.Ne4 Bf6 42.Nxf6 gxf6 43.g4 Rg8 44.h3 Rc8 45.Rc1 Bc4 46.Rd1 Bb3 47.Rc1 
Rd8 48.Ke3 Bc4 49.Rc3 e5 50.fxe5 fxe5 51.Bc1 Ke6 52.Bd2 Rd4 53.Be1 Kd5 54.
Bd2 Rf4 55.Be1 Re4+ 56.Kd2 Re2+ 57.Kd1 Rb2 58.Rg3 Rb1+ 59.Kd2 Rxb4 60.h4 
Rb2+ 61.Kc1 Rh2 62.Re3 e4 63.Bg3 Rg2 64.g5 b4 65.h5 b3 66.g6 hxg6 67.h6 
b2+ 68.Kb1 Bd3+ 69.Rxd3+ exd3 70.Bh4 d2 0-1

[Event "36th Rilton Cup"]
[Site "Stockholm SWE"]
[Date "2007.01.04"]
[Round "8.24"]
[White "Sammalvuo, Niina"]
[Black "Horn, Emilia"]
[Result "1-0"]
[WhiteElo "2259"]
[BlackElo "2053"]
[EventDate "2006.12.27"]
[PlyCount "65"]

1.e4 e5 2.Bc4 Nc6 3.Nf3 Nf6 4.d3 Bc5 5.c3 d6 6.O-O O-O 7.Bb3 Bg4 8.h3 Bh5 
9.Re1 Nd7 10.Nbd2 Kh8 11.g4 Bg6 12.Nf1 f6 13.a3 Bf7 14.Bxf7 Rxf7 15.Qb3 
Re7 16.Qxb7 Na5 17.Qd5 c6 18.Qa2 Bb6 19.b4 Nb7 20.Qc4 Rc8 21.Ng3 Nf8 22.
Nf5 Rd7 23.Qa2 d5 24.c4 dxe4 25.dxe4 Rd3 26.Kg2 c5 27.Ne3 cxb4 28.axb4 
Bxe3 29.Bxe3 a5 30.bxa5 Qc7 31.Bb6 Qxc4 32.Qxc4 Rxc4 33.a6 1-0

[Event "36th Rilton Cup"]
[Site "Stockholm SWE"]
[Date "2007.01.04"]
[Round "8.25"]
[White "Revelj, Oskar"]
[Black "Barkhudarian, Rafael"]
[Result "0-1"]
[WhiteElo "2171"]
[BlackElo "2259"]
[EventDate "2006.12.27"]
[PlyCount "92"]

1.d4 Nf6 2.c4 d6 3.Nf3 Nbd7 4.Nc3 e5 5.e4 g6 6.Be2 Bg7 7.O-O O-O 8.Be3 Re8
9.d5 Ng4 10.Bg5 f6 11.Bd2 Nf8 12.Ne1 Nh6 13.Qc1 Nf7 14.Be3 f5 15.f3 f4 16.
Bf2 g5 17.c5 a6 18.Na4 h5 19.cxd6 Nxd6 20.Qc2 Re7 21.Rc1 Bf6 22.Nd3 g4 23.
Qc3 Rg7 24.Nxe5 g3 25.Bd4 Ng6 26.Nxg6 Bxd4+ 27.Qxd4 Rxg6 28.Kh1 Qh4 29.Qg1
Bh3 30.gxh3 g2+ 31.Qxg2 Rxg2 32.Kxg2 Kh8 33.Kh1 Rg8 34.Rg1 Qf2 35.Rxg8+ 
Kxg8 36.Nc3 Kf8 37.Rg1 b5 38.Rg2 Qe3 39.Rg1 Qd2 40.a3 Qxb2 41.e5 Nf5 42.
Bd3 Qxc3 43.Bxf5 Qxf3+ 44.Rg2 Qd1+ 45.Rg1 Qxd5+ 46.Rg2 f3 0-1

[Event "36th Rilton Cup"]
[Site "Stockholm SWE"]
[Date "2007.01.05"]
[Round "9.1"]
[White "Howell, David"]
[Black "Berg, Emanuel"]
[Result "1/2-1/2"]
[WhiteElo "2471"]
[BlackElo "2667"]
[EventDate "2006.12.27"]
[PlyCount "23"]

1.e4 e6 2.d4 d5 3.exd5 exd5 4.Bd3 Nc6 5.c3 Bd6 6.Qf3 Nf6 7.h3 h6 8.Ne2 Be6
9.Bf4 Qd7 10.Bxd6 Qxd6 11.Qg3 Qxg3 12.Nxg3 1/2-1/2

[Event "36th Rilton Cup"]
[Site "Stockholm SWE"]
[Date "2007.01.05"]
[Round "9.2"]
[White "Fontaine, Robert"]
[Black "Berczes, David"]
[Result "1-0"]
[WhiteElo "2557"]
[BlackElo "2415"]
[EventDate "2006.12.27"]
[PlyCount "93"]

1.d4 Nf6 2.c4 e6 3.Nc3 Bb4 4.Nf3 c5 5.g3 cxd4 6.Nxd4 O-O 7.Bg2 d5 8.cxd5 
Nxd5 9.Qb3 Qb6 10.Bxd5 exd5 11.Be3 Nc6 12.Nxc6 Qxc6 13.Qxb4 d4 14.f3 dxe3 
15.O-O-O Be6 16.Qd6 Rac8 17.Qxc6 Rxc6 18.Kb1 Bc4 19.Rd4 b5 20.Rc1 Rfc8 21.
b3 Be6 22.Kb2 Kf8 23.a3 a5 24.Na2 Bf5 25.Rxc6 Rxc6 26.Nc3 Bg6 27.b4 axb4 
28.Rxb4 Rd6 29.Rxb5 Rd2+ 30.Kb3 f6 31.a4 Bf7+ 32.Ka3 Bc4 33.Rb2 Ke7 34.f4 
Rxb2 35.Kxb2 Kd6 36.Nd1 Bxe2 37.Nxe3 Kc5 38.Kc3 g6 39.h4 h5 40.Kd2 Ba6 41.
f5 gxf5 42.Nxf5 Bc8 43.Ng7 Bg4 44.Ne8 Kd4 45.Nxf6 Bf3 46.a5 Ke5 47.Ke3 1-0

[Event "36th Rilton Cup"]
[Site "Stockholm SWE"]
[Date "2007.01.05"]
[Round "9.3"]
[White "Kotronias, Vassilios"]
[Black "Hansen, Lars Bo"]
[Result "1/2-1/2"]
[WhiteElo "2699"]
[BlackElo "2575"]
[EventDate "2006.12.27"]
[PlyCount "57"]

1.e4 e5 2.Nf3 Nc6 3.Bb5 a6 4.Ba4 Nf6 5.O-O Be7 6.Re1 b5 7.Bb3 d6 8.c3 O-O 
9.h3 a5 10.a4 b4 11.d4 bxc3 12.Nxc3 Nxd4 13.Nxd4 exd4 14.Qxd4 Rb8 15.Bc4 
c6 16.Qd1 Nd7 17.Bf4 Ne5 18.Bxe5 dxe5 19.Qc2 Bc5 20.Rad1 Qg5 21.Rd3 Kh8 
22.Rf3 f5 23.exf5 Bxf5 24.Rxe5 Bxc2 25.Rxg5 Rxf3 26.gxf3 Bb4 27.Re5 g6 28.
Re2 Bxc3 29.Rxc2 1/2-1/2

[Event "36th Rilton Cup"]
[Site "Stockholm SWE"]
[Date "2007.01.05"]
[Round "9.4"]
[White "Gleizerov, Evgeny"]
[Black "Lindberg, Bengt"]
[Result "1/2-1/2"]
[WhiteElo "2560"]
[BlackElo "2484"]
[EventDate "2006.12.27"]
[PlyCount "93"]

1.d4 Nf6 2.c4 e6 3.g3 c5 4.d5 exd5 5.cxd5 d6 6.Nc3 g6 7.Nf3 Bg7 8.Bg2 O-O 
9.O-O Re8 10.Bf4 Na6 11.Re1 Bg4 12.h3 Bxf3 13.Bxf3 Qd7 14.a4 Nb4 15.Kg2 a6
16.Qd2 Qe7 17.e4 Nd7 18.Be2 Rac8 19.Bg5 Bf6 20.Be3 Bd4 21.Bg4 Bxe3 22.Rxe3
Ne5 23.Qe2 Nxg4 24.hxg4 c4 25.a5 Nd3 26.Na4 Qe5 27.Nb6 Rc7 28.Rb1 Qd4 29.
b3 Ne5 30.Nxc4 Nxc4 31.bxc4 Ree7 32.Rc1 Rc5 33.Qe1 Rxc4 34.Rxc4 Qxc4 35.g5
Qd4 36.Qb1 Kg7 37.Re1 h6 38.gxh6+ Kxh6 39.Qc1+ Kg7 40.Qf4 Re5 41.Qe3 Qb4 
42.f4 Re8 43.Re2 Qc4 44.f5 gxf5 45.Qg5+ Kf8 46.Qh6+ Kg8 47.Qg5+ 1/2-1/2

[Event "36th Rilton Cup"]
[Site "Stockholm SWE"]
[Date "2007.01.05"]
[Round "9.5"]
[White "Cicak, Slavko"]
[Black "Furhoff, Johan"]
[Result "0-1"]
[WhiteElo "2545"]
[BlackElo "2430"]
[EventDate "2006.12.27"]
[PlyCount "70"]

1.c4 e5 2.Nc3 Nc6 3.e3 Nf6 4.a3 g6 5.d4 exd4 6.exd4 Bg7 7.Nf3 d5 8.cxd5 
Nxd5 9.Bg5 f6 10.Be3 Be6 11.Bb5 O-O 12.O-O f5 13.Bg5 Qd6 14.Qd2 a6 15.Bxc6
Qxc6 16.Rac1 Nb6 17.Rfe1 Nc4 18.Qc2 b5 19.b3 Nb6 20.Ne5 Qd6 21.Ne2 Nd5 22.
Nd3 Rae8 23.Bd2 f4 24.Ne5 Bf5 25.Qc5 g5 26.Ba5 Bxe5 27.dxe5 Rxe5 28.Qd4 
Re4 29.Qd2 Rfe8 30.Bxc7 Qe6 31.Ba5 b4 32.f3 Re3 33.Kf2 Rd3 34.Qb2 Qe3+ 35.
Kf1 Rd2 0-1

[Event "36th Rilton Cup"]
[Site "Stockholm SWE"]
[Date "2007.01.05"]
[Round "9.6"]
[White "Akesson, Ralf"]
[Black "Bindrich, Falko"]
[Result "1/2-1/2"]
[WhiteElo "2582"]
[BlackElo "2482"]
[EventDate "2006.12.27"]
[PlyCount "85"]

1.d4 Nf6 2.c4 e6 3.Nc3 Bb4 4.Qc2 c5 5.dxc5 O-O 6.a3 Bxc5 7.Nf3 b6 8.Bg5 
Bb7 9.e4 h6 10.Bh4 Be7 11.Be2 Nh5 12.Bxe7 Qxe7 13.O-O Nf4 14.Rfe1 f5 15.
Bf1 Qf6 16.g3 Ng6 17.Bg2 f4 18.e5 Qf7 19.Nb5 Bxf3 20.Nd6 Qe7 21.Qxg6 fxg3 
22.hxg3 Nc6 23.Qd3 Bxg2 24.Kxg2 Qg5 25.Qe4 Ne7 26.Re3 Rad8 27.f4 Qg4 28.
Rh1 Ng6 29.Rf3 h5 30.Kf2 h4 31.Rg1 h3 32.Rh1 a6 33.Rh2 b5 34.c5 Ne7 35.Rd3
Ng6 36.Qe2 Qg5 37.Ke1 Rxf4 38.gxf4 Nxf4 39.Rdxh3 Nxh3 40.Rxh3 Rf8 41.Rf3 
Rxf3 42.Qxf3 Qxe5+ 43.Kf1 1/2-1/2

[Event "36th Rilton Cup"]
[Site "Stockholm SWE"]
[Date "2007.01.05"]
[Round "9.7"]
[White "Gagarin, Vasily"]
[Black "Hillarp Persson, Tiger"]
[Result "0-1"]
[WhiteElo "2447"]
[BlackElo "2600"]
[EventDate "2006.12.27"]
[PlyCount "132"]

1.d4 g6 2.c4 Bg7 3.Nf3 Nf6 4.Nc3 O-O 5.Bg5 c5 6.d5 h6 7.Bh4 d6 8.Nd2 g5 9.
Bg3 Nh5 10.e3 Nxg3 11.hxg3 e6 12.Qc2 exd5 13.Nxd5 Be6 14.Be2 Nc6 15.O-O a6
16.a3 b5 17.Rfd1 Bxd5 18.cxd5 Ne7 19.g4 Qd7 20.Rab1 Rae8 21.Ne4 f5 22.Ng3 
f4 23.exf4 Rxf4 24.Nh5 Rf7 25.Bf3 Ref8 26.Re1 Be5 27.Rbd1 Rxf3 28.gxf3 
Rxf3 29.Qe4 Rf8 30.Rd3 Qe8 31.Rf3 Rxf3 32.Qxf3 Qf7 33.Qe2 Nxd5 34.Qe4 Nf4 
35.Nxf4 gxf4 36.b3 Kg7 37.Qf3 Qg6 38.Qb7+ Kf6 39.Qc8 h5 40.Qh8+ Kg5 41.
gxh5 Qf5 42.Qg8+ Kxh5 43.f3 Qg5+ 44.Qxg5+ Kxg5 45.Kf2 Kf5 46.Ke2 d5 47.Rh1
c4 48.Rh5+ Ke6 49.Rh6+ Bf6 50.bxc4 bxc4 51.a4 a5 52.Kd2 Ke5 53.Rh5+ Ke6 
54.Rh6 Ke5 55.Rh5+ Kd4 56.Rf5 Be5 57.Ke2 Bd6 58.Rf6 Ke5 59.Rh6 Bb4 60.Rc6 
Kd4 61.Rf6 Kc3 62.Rxf4 d4 63.Rh4 d3+ 64.Kd1 Kb3 65.Rd4 c3 66.Rxd3 Kb2 0-1

[Event "36th Rilton Cup"]
[Site "Stockholm SWE"]
[Date "2007.01.05"]
[Round "9.8"]
[White "Cramling, Pia"]
[Black "Hamark, Jesper"]
[Result "1-0"]
[WhiteElo "2583"]
[BlackElo "2369"]
[EventDate "2006.12.27"]
[PlyCount "111"]

1.d4 d5 2.Nf3 Nf6 3.c4 e6 4.Nc3 Nbd7 5.Bf4 dxc4 6.e3 Nd5 7.Bxc4 Nxf4 8.
exf4 Be7 9.O-O O-O 10.Bb3 c5 11.d5 exd5 12.Nxd5 Nf6 13.Nxe7+ Qxe7 14.Re1 
Qc7 15.Ne5 Bf5 16.Rc1 b5 17.Nxf7 Rxf7 18.Bxf7+ Qxf7 19.Rxc5 Bd7 20.Rc7 a5 
21.g3 h6 22.a3 Re8 23.Re5 Re6 24.Qd4 Qe7 25.h3 Kh8 26.Ra7 Qd6 27.Qxd6 Rxd6
28.Rc5 a4 29.g4 Ne8 30.Re5 Kh7 31.Rxd7 Rxd7 32.Rxe8 Rd2 33.Kg2 Rxb2 34.Re5
Rb3 35.f5 Kg8 36.f3 Kf7 37.Kg3 Kf6 38.Re6+ Kf7 39.Rb6 Rb2 40.h4 Rb3 41.Kf4
Rxa3 42.Rxb5 Rb3 43.Ra5 a3 44.g5 hxg5+ 45.hxg5 Rc3 46.Kg4 Rc6 47.Rxa3 Rc4+
48.Kh5 Rc6 49.Ra7+ Kg8 50.Ra8+ Kf7 51.g6+ Kf6 52.Rf8+ Ke5 53.Kg5 Rc1 54.
Re8+ Kd6 55.Rg8 Ke5 56.f4+ 1-0

[Event "36th Rilton Cup"]
[Site "Stockholm SWE"]
[Date "2007.01.05"]
[Round "9.10"]
[White "Barkhudarian, Rafael"]
[Black "Rozentalis, Eduardas"]
[Result "0-1"]
[WhiteElo "2259"]
[BlackElo "2591"]
[EventDate "2006.12.27"]
[PlyCount "112"]

1.e4 c6 2.c4 d5 3.exd5 cxd5 4.cxd5 Nf6 5.Bb5+ Nbd7 6.Nc3 g6 7.d4 Bg7 8.d6 
exd6 9.Qe2+ Qe7 10.Bf4 Qxe2+ 11.Bxe2 Ke7 12.Bf3 Nb6 13.a4 Bg4 14.Nb5 a6 
15.Nc3 Bxf3 16.Nxf3 Kd7 17.O-O h6 18.Rfd1 Nfd5 19.Bd2 Rhc8 20.a5 Nxc3 21.
bxc3 Nd5 22.Rab1 Rab8 23.Rb3 Rc6 24.Kf1 b5 25.axb6 Rbxb6 26.Rxb6 Nxb6 27.
Ra1 Nc4 28.Ke2 d5 29.Kd3 h5 30.Ne1 Re6 31.Be3 a5 32.Nc2 Bf8 33.Bc1 Ra6 34.
Ne3 Nb6 35.Ba3 Bh6 36.Bc5 Bxe3 37.Bxb6 Bf4 38.Bc5 Bd6 39.Bxd6 Kxd6 40.Ra4 
Kc6 41.c4 dxc4+ 42.Kxc4 Ra8 43.d5+ Kd6 44.Kd4 h4 45.f4 f6 46.h3 Ra7 47.Ke4
Kc5 48.f5 g5 49.Rd4 Re7+ 50.Kd3 Rd7 51.Ke4 Re7+ 52.Kd3 Kd6 53.Rc4 Kxd5 54.
Rd4+ Kc5 55.Rc4+ Kb5 56.Rc8 Re5 0-1

[Event "36th Rilton Cup"]
[Site "Stockholm SWE"]
[Date "2007.01.05"]
[Round "9.11"]
[White "Byklum, Bjornar"]
[Black "Ulybin, Mikhail"]
[Result "1/2-1/2"]
[WhiteElo "2275"]
[BlackElo "2506"]
[EventDate "2006.12.27"]
[PlyCount "45"]

1.e4 c5 2.Nf3 e6 3.d4 cxd4 4.Nxd4 Nc6 5.Nc3 Qc7 6.Be2 Nf6 7.O-O a6 8.Be3 
Be7 9.f4 d6 10.Kh1 O-O 11.a4 Re8 12.Bf3 Bf8 13.Qd2 Na5 14.b3 Nc6 15.Rad1 
Bd7 16.Nde2 Rad8 17.Qe1 Nb4 18.Qf2 Rc8 19.Bb6 Qb8 20.Ba7 Qc7 21.Bb6 Qb8 
22.Ba7 Qc7 23.Bb6 1/2-1/2

[Event "36th Rilton Cup"]
[Site "Stockholm SWE"]
[Date "2007.01.05"]
[Round "9.12"]
[White "Brynell, Stellan"]
[Black "Kosmo, Santul"]
[Result "1/2-1/2"]
[WhiteElo "2624"]
[BlackElo "2280"]
[EventDate "2006.12.27"]
[PlyCount "76"]

1.d4 Nf6 2.Nf3 c5 3.e3 e6 4.c4 d5 5.Nc3 Nc6 6.cxd5 exd5 7.Be2 cxd4 8.Nxd4 
Bd6 9.O-O O-O 10.Bf3 a6 11.Nxc6 bxc6 12.b3 Re8 13.Bb2 h5 14.Ne2 Ng4 15.Nf4
Qg5 16.Qd4 Nf6 17.Rac1 Bd7 18.g3 h4 19.Rc2 Ne4 20.Rfc1 Be5 21.Qd1 hxg3 22.
hxg3 Bxb2 23.Rxb2 Re5 24.Kg2 Rae8 25.Rbc2 Nd6 26.Qd2 Nf5 27.Rh1 g6 28.Qc3 
d4 29.exd4 Re3 30.Qd2 Rxf3 31.Kxf3 Re3+ 32.Qxe3 Nxe3 33.Kxe3 Qe7+ 34.Kd2 
Bf5 35.Rxc6 Qb4+ 36.Ke3 Qe7+ 37.Kd2 Qb4+ 38.Ke3 Qe7+ 1/2-1/2

[Event "36th Rilton Cup"]
[Site "Stockholm SWE"]
[Date "2007.01.05"]
[Round "9.13"]
[White "Karlsson, Lars"]
[Black "Nithander, Victor"]
[Result "1/2-1/2"]
[WhiteElo "2531"]
[BlackElo "2401"]
[EventDate "2006.12.27"]
[PlyCount "177"]

1.b3 e5 2.Bb2 Nc6 3.e3 d6 4.Bb5 Bd7 5.Nf3 a6 6.Bxc6 Bxc6 7.d4 exd4 8.Nxd4 
Qg5 9.Rg1 Bd7 10.Qf3 d5 11.h4 Qxh4 12.Qxd5 O-O-O 13.Nf3 Qb4+ 14.Bc3 Nf6 
15.Qxd7+ Rxd7 16.Bxb4 Bxb4+ 17.c3 Bd6 18.Nbd2 Re8 19.g3 Ne4 20.Nxe4 Rxe4 
21.Ke2 Be7 22.Rad1 Bf6 23.Rd3 Rxd3 24.Kxd3 Re6 25.g4 Rd6+ 26.Kc2 Rc6 27.c4
h6 28.Nd2 Be7 29.Kd3 Rg6 30.Nf3 Rd6+ 31.Ke2 Bf6 32.Nd2 Be7 33.f4 Re6 34.
Kf3 Rg6 35.f5 Rc6 36.Ne4 Kd7 37.Rd1+ Ke8 38.Rd5 Bb4 39.Nf2 Rd6 40.Nd3 Rxd5
41.cxd5 Bd6 42.e4 f6 43.Nb2 Bb4 44.Nc4 Kd7 45.Ke3 Bc3 46.Kd3 Be1 47.a3 Ke7
48.b4 Kd7 49.Na5 Kc8 50.Nb3 Bf2 51.Kc4 b6 52.Nc1 Bg3 53.a4 Kd7 54.b5 a5 
55.Nd3 Kd6 56.Kd4 Be5+ 57.Ke3 Ke7 58.Kf3 Bd6 59.Kg2 Kf7 60.Kh3 Kf8 61.Kh4 
Kf7 62.Kh5 Bg3 63.Nc1 Bf4 64.Ne2 Be5 65.Kh4 Ke7 66.Nc1 Bf4 67.Nd3 Bd6 68.
Nb2 Be5 69.Nc4 Bf4 70.Kh3 Kd7 71.Kg2 Ke7 72.Kf3 Bd6 73.Ke3 Bh2 74.Kd3 Kd7 
75.Nd2 Bg3 76.Nf3 Be5 77.Kc4 Bb2 78.Ne1 Be5 79.Nd3 Bd6 80.Kd4 Bg3 81.Ke3 
Ke7 82.Ke2 Bd6 83.Kf3 Kd7 84.Nb2 Be5 85.Nc4 Bd6 86.Ke3 Bh2 87.Kd3 Ke7 88.
Ke3 Kd7 89.Kd3 1/2-1/2

[Event "36th Rilton Cup"]
[Site "Stockholm SWE"]
[Date "2007.01.05"]
[Round "9.14"]
[White "Berczes, Csaba"]
[Black "Sammalvuo, Niina"]
[Result "1/2-1/2"]
[WhiteElo "2414"]
[BlackElo "2259"]
[EventDate "2006.12.27"]
[PlyCount "124"]

1.e4 e5 2.Nf3 Nc6 3.Bb5 a6 4.Ba4 Nf6 5.O-O Be7 6.Re1 b5 7.Bb3 d6 8.c3 O-O 
9.h3 Nb8 10.d4 Nbd7 11.Nbd2 Bb7 12.a4 Re8 13.Bc2 Bf8 14.d5 c6 15.c4 bxc4 
16.dxc6 Bxc6 17.Nxc4 Qc7 18.Bd2 d5 19.exd5 Bxd5 20.Ne3 Bc6 21.Qb1 Bxf3 22.
gxf3 e4 23.fxe4 Ne5 24.Bd1 Qd7 25.Nf1 Qxh3 26.Qc2 Rac8 27.Bc3 Nfg4 28.Qd2 
Bc5 29.Bd4 Nd3 30.Bxc5 Nxe1 31.Qxe1 Rxc5 32.Ra3 Qh4 33.Rg3 Rg5 34.Qd2 Rg6 
35.Qf4 Qf6 36.Qxf6 Nxf6 37.Rxg6 hxg6 38.f3 a5 39.Kf2 g5 40.Ne3 g4 41.Nc4 
gxf3 42.Nxa5 Rd8 43.Bxf3 Rd2+ 44.Ke3 Rxb2 45.e5 Nd7 46.Nc6 Rb3+ 47.Kf4 Nb8
48.Bd5 Rb2 49.e6 fxe6 50.Bxe6+ Kf8 51.Nxb8 Rxb8 52.Kf5 Rb6 53.Bc4 g6+ 54.
Ke5 Ke7 55.a5 Rc6 56.Kd5 Rc7 57.a6 g5 58.Be2 Rc2 59.Bc4 Rc1 60.Kc5 g4 61.
a7 Ra1 62.Kb6 Rxa7 1/2-1/2

[Event "36th Rilton Cup"]
[Site "Stockholm SWE"]
[Date "2007.01.05"]
[Round "9.15"]
[White "Netzer, Jean"]
[Black "Andersson, Fredrik"]
[Result "1-0"]
[WhiteElo "2404"]
[BlackElo "2344"]
[EventDate "2006.12.27"]
[PlyCount "89"]

1.e4 c5 2.Nf3 d6 3.d4 cxd4 4.Nxd4 Nf6 5.Nc3 Nc6 6.Bg5 Bd7 7.Nb3 a6 8.Be2 
h6 9.Be3 e6 10.O-O b5 11.a3 Be7 12.f4 O-O 13.Qe1 Qc7 14.Qg3 Kh8 15.Rad1 b4
16.axb4 Nxb4 17.Rd2 Bc6 18.Bd4 Rg8 19.e5 Ne4 20.Qh3 Kh7 21.Bd3 Nxd3 22.
Qxd3 d5 23.Nxe4 dxe4 24.Qe3 f5 25.Bb6 Qc8 26.Bc5 Bxc5 27.Nxc5 g5 28.c4 Rb8
29.b3 a5 30.Rd6 gxf4 31.Rxf4 Rg6 32.Rh4 a4 33.Nxe6 Rxb3 34.Qf4 Rb1+ 35.Kf2
e3+ 36.Kxe3 Rb3+ 37.Kd4 Be4 38.Ng5+ Kg7 39.Rxg6+ Kxg6 40.Rxh6+ Kxh6 41.
Ne6+ Kg6 42.Qg5+ Kf7 43.Qf6+ Ke8 44.Ng7+ Kd7 45.Qd6# 1-0

[Event "36th Rilton Cup"]
[Site "Stockholm SWE"]
[Date "2007.01.05"]
[Round "9.17"]
[White "Blomqvist, Erik"]
[Black "Akesson, Joel"]
[Result "1/2-1/2"]
[WhiteElo "2314"]
[BlackElo "2366"]
[EventDate "2006.12.27"]
[PlyCount "53"]

1.e4 e6 2.d4 d5 3.Nc3 Bb4 4.e5 c5 5.a3 Bxc3+ 6.bxc3 Qc7 7.Qg4 f6 8.Nf3 c4 
9.Bf4 Qf7 10.Be2 Nc6 11.h4 Qg6 12.Qxg6+ hxg6 13.Kd2 Bd7 14.Rh2 Nh6 15.Bxh6
Rxh6 16.Rah1 Ke7 17.g4 Rah8 18.g5 fxg5 19.Nxg5 Nd8 20.f4 Be8 21.Bg4 Rf8 
22.Ke3 Rfh8 23.Kf3 Bd7 24.Kg3 Be8 25.Rb1 Bd7 26.Rhh1 Bc6 27.Rh2 1/2-1/2

[Event "36th Rilton Cup"]
[Site "Stockholm SWE"]
[Date "2007.01.05"]
[Round "9.18"]
[White "Rouhani, Arash"]
[Black "Tikkanen, Hans"]
[WhiteElo "1935"]
[Result "0-1"]
[BlackElo "2402"]
[EventDate "2006.12.27"]
[PlyCount "88"]

1.e4 c5 2.Nf3 Nc6 3.Nc3 e5 4.Bc4 d6 5.d3 Be7 6.O-O Nf6 7.Ng5 O-O 8.f4 Bg4 
9.Qe1 exf4 10.Bxf4 Nd4 11.e5 dxe5 12.Bxe5 Bh5 13.Qh4 Bg6 14.Bxd4 Qxd4+ 15.
Qxd4 cxd4 16.Ne2 Ng4 17.Ne6 Rfc8 18.N6f4 Bf6 19.Nd5 Ne3 20.Nxe3 dxe3 21.c3
Rc5 22.Nf4 Rd8 23.Nxg6 hxg6 24.a4 a6 25.a5 Re8 26.Ra4 e2 27.Re1 Bg5 28.d4 
Rxc4 29.Rxc4 Be3+ 30.Kh1 Bf2 31.Rc8 Rxc8 32.Rxe2 Bh4 33.g3 Bf6 34.Kg2 Kf8 
35.Kf3 Bd8 36.Re5 f6 37.Rd5 Ke7 38.Ke4 Ke6 39.c4 Be7 40.b3 Bd6 41.Kf3 Rh8 
42.Kg2 Rh5 43.Rxh5 gxh5 44.Kf3 Bb4 0-1

[Event "36th Rilton Cup"]
[Site "Stockholm SWE"]
[Date "2007.01.05"]
[Round "9.19"]
[White "Bellon Lopez, Juan Manuel"]
[Black "Adler, Bo"]
[Result "1/2-1/2"]
[WhiteElo "2516"]
[BlackElo "2145"]
[EventDate "2006.12.27"]
[PlyCount "58"]

1.d4 Nf6 2.Bg5 Ne4 3.Bh4 c5 4.f3 g5 5.fxe4 gxh4 6.e3 Bh6 7.Kf2 cxd4 8.exd4
Qb6 9.Nc3 Qxb2 10.Nd5 Nc6 11.Nf3 O-O 12.Rb1 Qa3 13.Rb3 Qd6 14.c4 Bg7 15.g4
Nxd4 16.e5 Bxe5 17.Nxd4 Qc5 18.Ke3 e6 19.Nc3 d5 20.Rb5 Qe7 21.Nce2 a6 22.
Rb1 dxc4 23.Qc2 Qc5 24.Rd1 Bxd4+ 25.Nxd4 e5 26.Qxc4 exd4+ 27.Qxd4 Re8+ 28.
Kf2 Qxd4+ 29.Rxd4 Be6 1/2-1/2

[Event "36th Rilton Cup"]
[Site "Stockholm SWE"]
[Date "2007.01.05"]
[Round "9.21"]
[White "Aguettaz, Maxime"]
[Black "Flindt, Thomas"]
[Result "1-0"]
[WhiteElo "2300"]
[BlackElo "2170"]
[EventDate "2006.12.27"]
[PlyCount "79"]

1.e4 e5 2.Nf3 d5 3.exd5 e4 4.Qe2 Nf6 5.Nc3 Be7 6.Nxe4 O-O 7.d3 Nxd5 8.c4 
Bb4+ 9.Bd2 Nf4 10.Qe3 Bxd2+ 11.Qxd2 f5 12.Qxf4 fxe4 13.Qxe4 Re8 14.Ne5 Qd6
15.f4 Qb4+ 16.Kf2 Qxb2+ 17.Be2 Nc6 18.Rhb1 Qc3 19.Rc1 Qb2 20.Rab1 Qxa2 21.
d4 Nxe5 22.dxe5 Bg4 23.Rxb7 Rf8 24.g3 Bf5 25.Qe3 Rfd8 26.Qb3 Qa5 27.Rb5 
Qa6 28.Rd1 Qh6 29.Kg1 Be4 30.Rxd8+ Rxd8 31.Rb8 Rxb8 32.Qxb8+ Kf7 33.Qxc7+ 
Kf8 34.Qb8+ Kf7 35.Qxa7+ Kf8 36.Qb8+ Ke7 37.Qc7+ Kf8 38.c5 Qh3 39.Qd8+ Kf7
40.Bc4+ 1-0

[Event "36th Rilton Cup"]
[Site "Stockholm SWE"]
[Date "2007.01.05"]
[Round "9.22"]
[White "Steneskog, Per"]
[Black "Couso, Luis"]
[Result "1/2-1/2"]
[WhiteElo "2246"]
[BlackElo "2354"]
[EventDate "2006.12.27"]
[PlyCount "63"]

1.d4 Nf6 2.c4 e6 3.Nf3 Bb4+ 4.Bd2 Qe7 5.a3 Bxd2+ 6.Nbxd2 d6 7.e4 e5 8.d5 
c5 9.g3 O-O 10.Bg2 a5 11.O-O g6 12.Ne1 Nh5 13.Nd3 f5 14.f3 Nf6 15.Qe2 Qg7 
16.b4 axb4 17.axb4 Rxa1 18.Rxa1 fxe4 19.fxe4 cxb4 20.c5 Nxd5 21.cxd6 Nc3 
22.Qe3 Nc6 23.Nxb4 Nd4 24.Bf1 Ncb5 25.Bxb5 Nxb5 26.Qc5 Nd4 27.Ra8 Qf6 28.
Rxc8 Qf2+ 29.Kh1 Qe1+ 30.Kg2 Qxd2+ 31.Kh3 Qh6+ 32.Kg2 1/2-1/2